Madit vydržal viac

Hodnotenie kvality oleja z hľadiska jeho úžitkových vlastností. Prieskum verejnej mienky v dec. 1993. Oleje - ako ich poznajú slovenskí motoristi. Nové ciele a zámery Slovnaftu.

Saved in:
Bibliographic Details
Format: Book Chapter
Language:Slovak
Subjects:
Tags: Add Tag
No Tags, Be the first to tag this record!

MARC

LEADER 00000naa a2200000 4500
001 r019608
005 20221213100659.7
041 0 |a slo 
044 |a SK 
245 1 0 |a Madit vydržal viac 
520 |a Hodnotenie kvality oleja z hľadiska jeho úžitkových vlastností. Prieskum verejnej mienky v dec. 1993. Oleje - ako ich poznajú slovenskí motoristi. Nové ciele a zámery Slovnaftu. 
610 2 0 |a Slovnaft, a.s. Bratislava 
610 2 0 |a prieskum trhu 
610 2 0 |a marketing 
610 2 0 |a stratégia podniková 
610 2 0 |a výrobky petrochemické